000 00913cab a2200265 4500
001 WB2827-19
008 090401t1992 xxu||||| |||| 00| 0 eng d
035 _a(Sirsi) u55436
041 _aeng
245 _aHousing report
260 _c1992
350 _a0
490 _aObserver
_v5 July 1992, 1-16 (LOAN)
520 _aIncludes articles on homelessness in the cities and the countryside, failure of the Government rescue package for those with mortgage arrears, voluntary transfer scheme, squatting, partnerships between public and private sector and professional qualifications for housing association employees.
650 _aCOUNCIL HOUSING
650 _aHOUSING ASSOCIATIONS
650 _aMORTGAGE ARREARS
650 _aPEABODY TRUST
650 _aQUALIFICATIONS
650 _aSQUATTING
650 _aVOLUNTARY TRANSFER SCHEME
690 _aHOUSING
942 _n0
948 _c04/03/1997
999 _c33866
_d33866